| 000 | 01500cam a2200397Ia 4500 | ||
|---|---|---|---|
| 001 | 8805195 | ||
| 003 | OSt | ||
| 005 | 20211122093258.0 | ||
| 006 | m d | ||
| 007 | cr n | ||
| 008 | 101028s2011 ne a sb 001 0 eng d | ||
| 020 | _a9789400705814 | ||
| 035 | _a(WaSeSS)ssj0000476428 | ||
| 038 | _akhadija | ||
| 040 |
_aCaPaEBR _cCaPaEBR _dWaSeSS |
||
| 050 | 4 |
_aQA76.9.H85 _bM58 2011eb |
|
| 050 | 4 | _aTJ211.49 | |
| 082 |
_a629.892 _bMIX |
||
| 210 | 1 | 0 | _aMixed reality and human-robot interaction |
| 245 | 0 | 0 |
_aMixed reality and human-robot interaction / _cXiangyu Wang (ed.). |
| 260 |
_aDordrecht : _bSpringer Science+Business Media B.V., _c2011. |
||
| 490 | 1 |
_aIntelligent systems, control and automation: science and engineering ; _v47 |
|
| 504 | _aIncludes bibliographical references and index. | ||
| 506 | _aLicense restrictions may limit access. | ||
| 563 | _aHB | ||
| 650 | 0 |
_aHuman-computer interaction. _984761 |
|
| 650 | 0 |
_aVirtual reality. _984762 |
|
| 655 | 7 |
_aElectronic books. _2local _984763 |
|
| 700 | 1 |
_aWang, Xiangyu. _984764 |
|
| 710 | 2 |
_aebrary, Inc. _984765 |
|
| 773 | 0 | _tSpringerLink ebooks - Engineering (2011) | |
| 830 | 0 |
_aInternational series on intelligent systems, control and automation--science and engineering ; _v47. _984766 |
|
| 856 | 4 | 0 |
_uhttp://www.columbia.edu/cgi-bin/cul/resolve?clio8805195 _zFull text available from SpringerLink ebooks - Engineering (2011) |
| 910 | _aVendor-generated brief record | ||
| 942 |
_2ddc _cBK |
||
| 999 |
_c33247 _d33247 |
||